Unfinished gestures : (Record no. 144457)

MARC details
000 -LEADER
fixed length control field 00600nam a22001817a 4500
010 ## - LCCN (DPL NO)
LC control number ENG-120389
020 ## - INTERNATIONAL STANDARD BOOK NUMBER
International Standard Book Number 9788178243542
Terms of availability 750.00
035 ## - SYSTEM CONTROL NUMBER
System control number EN-103921
037 ## - SOURCE OF ACQUISITION
Source of stock number/acquisition DBAD /PUB
082 ## - DEWEY DECIMAL CLASSIFICATION NUMBER
Classification number 306.694538082
100 ## - MAIN ENTRY--PERSONAL NAME
Personal name Soneji, Davesh
245 ## - TITLE STATEMENT
Title Unfinished gestures :
Statement of responsibility, etc by Davesh Soneji
Remainder of title devadasis,memory, and modernity in South India /
260 ## - PUBLICATION, DISTRIBUTION, ETC. (IMPRINT)
Place of publication, distribution, etc Ranikhet
Name of publisher, distributor, etc Permanent Black
Date of publication, distribution, etc 2012
270 ## - ADDRESS
Address Himalayana Mall Road ,
City Ranikhet
Postal code 263645
300 ## - PHYSICAL DESCRIPTION
Extent xiii,313p.
Dimensions 23cm(H.b)
Other physical details ill
500 ## - GENERAL NOTE
General note includes references and index
942 ## - ADDED ENTRY ELEMENTS (KOHA)
Source of classification or shelving scheme Dewey Decimal Classification
Item type English Books
Classification part 306.694538082
Call number suffix SON
Holdings
Withdrawn status Lost status Not for loan Collection code Home library Current library Date acquired Source of acquisition Cost, normal purchase price Full call number Barcode Copy number Cost, replacement price Koha item type
      Non-fiction Ashok Vihar Ashok Vihar 13/09/2017 DBAD/PUB 750.00 306.694538082 SON EN-103921 1 750.00 English Books

© Delhi Public Library
Hit Counter
free hit counter